[Event "BCF-chT3N 1920 (4NCL)"]
[Site "England"]
[Date "2020.01.12"]
[Round "4.24"]
[White "Jennings, Roger"]
[Black "Doran, Chris"]
[Result "1-0"]
[WhiteElo "1998"]
[BlackElo "2012"]
[PlyCount "61"]
[EventDate "2019.11.09"]
[EventType "team-swiss"]
[EventRounds "11"]
[EventCountry "ENG"]
[SourceTitle "EXT 2022"]
[Source "ChessBase"]
[SourceDate "2021.10.06"]
[SourceVersion "1"]
[SourceVersionDate "2021.10.06"]
[SourceQuality "1"]
[WhiteTeam "Bradford DCA Knights"]
[BlackTeam "J'Adoube"]
[WhiteTeamCountry "ENG"]
[BlackTeamCountry "ENG"]

1. g3 g6 2. Bg2 Bg7 3. Nf3 d5 4. 0-0 Nf6 5. d3 0-0 6. Nc3 c5 7. Bd2 Nc6 8. Qc1 b6 9. Bh6 Bb7 10. Bxg7 Kxg7 11. e4 dxe4 12. dxe4 Qc7 13. Re1 Nd4 14. Nxd4 cxd4 15. Nd5 Nxd5 16. exd5 Qc5 17. Qf4 Kg8 18. Rad1 Bxd5 19. Bxd5 Qxd5 20. Qxd4 Qxd4 21. Rxd4 Rac8 22. Rxe7 Rxc2 23. Rxa7 Rxb2 24. Rdd7 b5 25. Rdb7 b4 26. Ra4 b3 27. axb3 Rc8 28. Raa7 Rc1+ 29. Kg2 Rcc2 30. Rxf7 Rxb3 31. Rg7+ 1-0

[Event "BCF-chT2a 1819 (4NCL)"]
[Site "England"]
[Date "2019.03.16"]
[Round "7.13"]
[White "Jennings, Roger"]
[Black "House, Glenn"]
[Result "0-1"]
[WhiteElo "2012"]
[BlackElo "2219"]
[PlyCount "102"]
[EventDate "2018.11.10"]
[EventType "team-tourn"]
[EventRounds "11"]
[EventCountry "ENG"]
[SourceTitle "EXT 2021"]
[Source "ChessBase"]
[SourceDate "2020.10.23"]
[SourceVersion "1"]
[SourceVersionDate "2020.10.23"]
[SourceQuality "1"]
[WhiteTeam "Bradford DCA Knights"]
[BlackTeam "Spirit of Atticus"]
[WhiteTeamCountry "ENG"]
[BlackTeamCountry "ENG"]

1. g3 d6 2. Bg2 g6 3. Nf3 Bg7 4. 0-0 c5 5. d4 cxd4 6. Nxd4 Nf6 7. Nc3 0-0 8. Bg5 h6 9. Bxf6 Bxf6 10. e3 Bg7 11. Qe2 e6 12. Rfd1 a6 13. Rab1 Qc7 14. Qd3 Rd8 15. Nce2 Nc6 16. Nxc6 bxc6 17. c4 a5 18. Nd4 Bd7 19. Nb3 Be8 20. e4 c5 21. Qc2 Rab8 22. Nd2 Rb6 23. b3 Rdb8 24. Nf3 Bc6 25. Qd3 Qb7 26. Qe3 Bxe4 27. Nh4 Bxg2 28. Nxg2 a4 29. Qf4 axb3 30. axb3 Rxb3 31. Rxb3 Qxb3 32. Qxd6 Bd4 33. Rf1 Ra8 34. Nf4 Qxc4 35. Qc6 Qa4 36. Qb7 Qe8 37. Nd3 c4 38. Qe4 cxd3 39. Qxd4 Rd8 40. Qe3 Qa4 41. Qf3 e5 42. Qf6 Qd4 43. Rd1 Rd6 44. Qf3 Kg7 45. Rd2 h5 46. h4 e4 47. Qf4 Rf6 48. Qg5 Rf5 49. Qe7 Qa1+ 50. Kg2 Qe1 51. Qb4 Rxf2+ 0-1

[Event "BCF-chT3N 1718 (4NCL)"]
[Site "England"]
[Date "2018.02.11"]
[Round "6.34"]
[White "Jennings, Roger"]
[Black "Ingram, Keith R"]
[Result "1/2-1/2"]
[WhiteElo "2029"]
[BlackElo "1951"]
[PlyCount "68"]
[EventDate "2017.11.11"]
[EventType "team-swiss"]
[EventRounds "11"]
[EventCountry "ENG"]
[SourceTitle "EXT 2020"]
[Source "ChessBase"]
[SourceDate "2019.10.17"]
[SourceVersion "1"]
[SourceVersionDate "2019.10.17"]
[SourceQuality "1"]
[WhiteTeam "Bradford DCA Knights"]
[BlackTeam "Warwicks Select II"]
[WhiteTeamCountry "ENG"]
[BlackTeamCountry "ENG"]

1. g3 d5 2. Bg2 Nf6 3. Nf3 Nbd7 4. 0-0 e5 5. d3 c6 6. Nc3 Bd6 7. e4 d4 8. Ne2 Nb6 9. Nh4 h6 10. Bd2 0-0 11. c3 c5 12. cxd4 cxd4 13. Rc1 Be6 14. Nf5 Bxf5 15. exf5 Qd7 16. f4 exf4 17. Nxf4 Rac8 18. Nh5 Be7 19. Nxf6+ Bxf6 20. Qf3 Na4 21. Qxb7 Qxb7 22. Bxb7 Rb8 23. Bc6 Rxb2 24. Bxa4 Rxd2 25. Bb5 Rxa2 26. Ra1 Rb2 27. Bc4 Rb7 28. Ra6 Re8 29. Rfa1 Ree7 30. Bd5 Rbc7 31. Bc4 Kh7 32. Kf2 Rb7 33. R1a2 Red7 34. Rc6 Re7 1/2-1/2

[Event "BCF-chT3N 1718 (4NCL)"]
[Site "England"]
[Date "2018.01.14"]
[Round "4.54"]
[White "Jennings, Roger"]
[Black "Goss, Alex"]
[Result "1-0"]
[WhiteElo "2029"]
[BlackElo "1734"]
[PlyCount "87"]
[EventDate "2017.11.11"]
[EventType "team-swiss"]
[EventRounds "11"]
[EventCountry "ENG"]
[SourceTitle "EXT 2020"]
[Source "ChessBase"]
[SourceDate "2019.10.17"]
[SourceVersion "1"]
[SourceVersionDate "2019.10.17"]
[SourceQuality "1"]
[WhiteTeam "Bradford DCA Knights"]
[BlackTeam "Enniscorthy"]
[WhiteTeamCountry "ENG"]
[BlackTeamCountry "IRL"]

1. g3 d5 2. Bg2 c6 3. Nf3 Bf5 4. 0-0 e6 5. b3 Nf6 6. Bb2 h6 7. d3 Be7 8. Nbd2 a5 9. Re1 0-0 10. e4 Bh7 11. a4 Na6 12. exd5 cxd5 13. Nd4 Nb4 14. N2f3 Rc8 15. Rc1 Nd7 16. Bh3 Nc5 17. Ne5 Bf6 18. Ng4 Bxd4 19. Bxd4 Bf5 20. Qd2 Kh7 21. Bxg7 Qg5 22. Qxg5 hxg5 23. Bxf8 Rxf8 24. Nf6+ Kg6 25. Bxf5+ Kxf5 26. d4 Nxb3 27. cxb3 Nd3 28. Nd7 Rd8 29. Ne5 Nxe1 30. Rxe1 f6 31. Nd3 Rd6 32. h3 b6 33. g4+ Kg6 34. Rc1 f5 35. Ne5+ Kf6 36. Rc6 Rxc6 37. Nxc6 f4 38. Kg2 Kf7 39. h4 gxh4 40. Kh3 Ke8 41. Kxh4 Kf7 42. Kg5 f3 43. Ne5+ Kg7 44. Nxf3 1-0

[Event "BCF-chT2 1617 (4NCL) Demotion pool"]
[Site "England"]
[Date "2017.03.05"]
[Round "8.54"]
[White "Cooper, David M"]
[Black "Jennings, Roger"]
[Result "1/2-1/2"]
[WhiteElo "2035"]
[BlackElo "2038"]
[PlyCount "25"]
[EventDate "2016.11.19"]
[EventType "team-tourn"]
[EventRounds "11"]
[EventCountry "ENG"]
[SourceTitle "EXT 2019"]
[Source "ChessBase"]
[SourceDate "2018.10.10"]
[SourceVersion "1"]
[SourceVersionDate "2018.10.10"]
[SourceQuality "1"]
[WhiteTeam "Warwicks Select II"]
[BlackTeam "Bradford DCA Knights"]
[WhiteTeamCountry "ENG"]
[BlackTeamCountry "ENG"]

1. c4 g6 2. g3 Bg7 3. Bg2 Nf6 4. Nc3 0-0 5. d4 d6 6. e3 Nc6 7. Nge2 e5 8. 0-0 Bd7 9. b3 Qc8 10. Bb2 Bh3 11. Qc2 Bxg2 12. Kxg2 exd4 13. exd4 1/2-1/2

[Event "BCF-chT2b 1617 (4NCL)"]
[Site "England"]
[Date "2017.02.12"]
[Round "6.75"]
[White "Jennings, Roger"]
[Black "Shaw, Peter"]
[Result "0-1"]
[WhiteElo "2038"]
[BlackElo "2093"]
[PlyCount "70"]
[EventDate "2016.11.19"]
[EventType "team-tourn"]
[EventRounds "11"]
[EventCountry "ENG"]
[SourceTitle "EXT 2019"]
[Source "ChessBase"]
[SourceDate "2018.10.10"]
[SourceVersion "1"]
[SourceVersionDate "2018.10.10"]
[SourceQuality "1"]
[WhiteTeam "Bradford DCA Knights"]
[BlackTeam "White Rose II"]
[WhiteTeamCountry "ENG"]
[BlackTeamCountry "ENG"]

1. g3 f5 2. Bg2 Nf6 3. d3 e5 4. Nf3 d6 5. 0-0 Be7 6. c4 0-0 7. Nc3 Qe8 8. c5 Kh8 9. cxd6 cxd6 10. Bg5 Be6 11. Nd2 Nc6 12. Rc1 Qf7 13. Nb5 Rfc8 14. Nc4 Qf8 15. Bxf6 gxf6 16. Nc3 Qg8 17. Ne3 f4 18. Ned5 Bd8 19. Kh1 fxg3 20. fxg3 f5 21. e3 b5 22. e4 Nd4 23. exf5 Nxf5 24. Qh5 Bg5 25. Nf6 Qg6 26. Qxg6 hxg6 27. Bxa8 Bxc1 28. Nxb5 Bxb2 29. Be4 d5 30. Bxf5 Bxf5 31. Rb1 Rc2 32. Nxa7 Bxd3 33. Rd1 Be2 34. Re1 Bf3+ 35. Kg1 Bd4+ 0-1

[Event "BCF-chT2b 1617 (4NCL)"]
[Site "England"]
[Date "2016.11.20"]
[Round "2.84"]
[White "Jennings, Roger"]
[Black "Kalavannan, Koby"]
[Result "0-1"]
[WhiteElo "2038"]
[BlackElo "2131"]
[PlyCount "94"]
[EventDate "2016.11.19"]
[EventType "team-tourn"]
[EventRounds "11"]
[EventCountry "ENG"]
[SourceTitle "EXT 2019"]
[Source "ChessBase"]
[SourceDate "2018.10.10"]
[SourceVersion "1"]
[SourceVersionDate "2018.10.10"]
[SourceQuality "1"]
[WhiteTeam "Bradford DCA Knights"]
[BlackTeam "Cambridge University"]
[WhiteTeamCountry "ENG"]
[BlackTeamCountry "ENG"]

1. g3 c5 2. Bg2 Nc6 3. Nf3 g6 4. 0-0 Bg7 5. d3 d6 6. Nc3 Rb8 7. e4 b5 8. Rb1 e6 9. Be3 Ba6 10. Re1 b4 11. Ne2 e5 12. a3 bxa3 13. bxa3 Nge7 14. Qd2 0-0 15. Bh6 Nd4 16. Bxg7 Nxe2+ 17. Qxe2 Kxg7 18. Nh4 Qa5 19. f4 c4 20. fxe5 cxd3 21. cxd3 Qc5+ 22. Qf2 Qxf2+ 23. Kxf2 dxe5 24. Ke3 Rfd8 25. Bf1 f5 26. Rxb8 Rxb8 27. Rc1 Rb7 28. exf5 gxf5 29. Bh3 Kf6 30. Rf1 Nd5+ 31. Kd2 f4 32. gxf4 Nxf4 33. Ng2 Bxd3 34. Nxf4 Bxf1 35. Nd5+ Kg5 36. Bxf1 Rb2+ 37. Ke3 Rxh2 38. Ke4 Ra2 39. Kxe5 Rxa3 40. Kd4 h5 41. Nc3 Kf4 42. Bc4 h4 43. Bd5 h3 44. Ne2+ Kg4 45. Be6+ Kh4 46. Nf4 h2 47. Bd5 Ra1 0-1

[Event "BCF-chT3Nd 1516 (4NCL)"]
[Site "England"]
[Date "2016.05.01"]
[Round "10.106"]
[White "Collins, Richard Arnold"]
[Black "Jennings, Roger"]
[Result "1/2-1/2"]
[WhiteElo "1930"]
[BlackElo "2054"]
[PlyCount "41"]
[EventDate "2016.03.20"]
[EventType "team-swiss"]
[EventRounds "11"]
[EventCountry "ENG"]
[SourceTitle "EXT 2017"]
[Source "ChessBase"]
[SourceDate "2016.10.25"]
[SourceVersion "1"]
[SourceVersionDate "2016.10.25"]
[SourceQuality "1"]
[WhiteTeam "Manchester Manticores III"]
[BlackTeam "Bradford DCA Knights II"]
[WhiteTeamCountry "ENG"]
[BlackTeamCountry "ENG"]

1. d4 g6 2. c4 Bg7 3. Nc3 Nf6 4. g3 0-0 5. Bg2 d6 6. Nf3 Nc6 7. 0-0 Bd7 8. e4 Qc8 9. Be3 Bh3 10. Rc1 Bxg2 11. Kxg2 Ng4 12. Qe2 Nxe3+ 13. Qxe3 f5 14. exf5 Qxf5 15. d5 Bh6 16. Qe2 Qxf3+ 17. Qxf3 Rxf3 18. Kxf3 Ne5+ 19. Kg2 Bxc1 20. Rxc1 Nd3 21. Rb1 1/2-1/2

[Event "BCF-chT3Na 1516 (4NCL)"]
[Site "England"]
[Date "2016.02.14"]
[Round "6.69"]
[White "Higgie, Charles L"]
[Black "Jennings, Roger"]
[Result "1-0"]
[WhiteElo "1849"]
[BlackElo "2088"]
[PlyCount "47"]
[EventDate "2015.11.14"]
[EventType "team-swiss"]
[EventRounds "7"]
[EventCountry "ENG"]
[SourceTitle "EXT 2017"]
[Source "ChessBase"]
[SourceDate "2016.10.25"]
[SourceVersion "1"]
[SourceVersionDate "2016.10.25"]
[SourceQuality "1"]
[WhiteTeam "Holmes Chapel"]
[BlackTeam "Bradford DCA Knights"]
[WhiteTeamCountry "ENG"]
[BlackTeamCountry "ENG"]

1. d4 g6 2. e4 Bg7 3. Be3 c5 4. c3 cxd4 5. cxd4 d6 6. Nc3 Nf6 7. f3 0-0 8. Qd2 Re8 9. Nge2 Nc6 10. g4 e5 11. d5 Ne7 12. Ng3 Bd7 13. h4 a6 14. h5 b5 15. hxg6 fxg6 16. g5 b4 17. gxf6 bxc3 18. Qh2 h5 19. Nxh5 Qa5 20. Nxg7 cxb2+ 21. Kf2 Kf7 22. Nxe8 Rxe8 23. Qh7+ Kxf6 24. Bg5+ 1-0

[Event "BCF-chT3Na 1516 (4NCL)"]
[Site "England"]
[Date "2016.01.17"]
[Round "4.57"]
[White "Richardson, Alex"]
[Black "Jennings, Roger"]
[Result "0-1"]
[WhiteElo "2133"]
[BlackElo "2078"]
[PlyCount "86"]
[EventDate "2015.11.14"]
[EventType "team-swiss"]
[EventRounds "7"]
[EventCountry "ENG"]
[SourceTitle "CBM 170 Extra"]
[Source "ChessBase"]
[SourceDate "2016.02.25"]
[SourceVersion "1"]
[SourceVersionDate "2016.02.25"]
[SourceQuality "1"]
[WhiteTeam "Cheddleton II"]
[BlackTeam "Bradford DCA Knights"]
[WhiteTeamCountry "ENG"]
[BlackTeamCountry "ENG"]

1. c4 g6 2. g3 Bg7 3. Bg2 Nf6 4. Nf3 0-0 5. 0-0 d5 6. cxd5 Nxd5 7. d4 Nc6 8. Nc3 Nb6 9. e3 Bd7 10. a3 Qc8 11. Ne4 Bh3 12. Bxh3 Qxh3 13. Nc5 Qc8 14. b4 Nd7 15. Nd3 Nb6 16. Rb1 Qf5 17. b5 Na5 18. Bd2 Nac4 19. Bb4 Rfe8 20. Nc5 a5 21. bxa6 bxa6 22. e4 Qh5 23. a4 a5 24. Bc3 Red8 25. Nb7 Rdb8 26. Rb5 Qg4 27. Nxa5 Nd6 28. Rg5 Qd7 29. Ne5 Bxe5 30. Rxe5 f6 31. Rc5 Nxa4 32. Nc6 Rb6 33. Qf3 Rxc6 34. e5 Nxc5 35. dxc5 Nb5 36. e6 Qe8 37. Bb2 Raa6 38. Qb3 Na7 39. Rd1 Kg7 40. Rd7 Rxe6 41. Rxc7 Qb5 42. Bxf6+ Kxf6 43. Qc3+ Kf7 0-1

[Event "BCF-chT3Nb 1516 (4NCL)"]
[Site "England"]
[Date "2015.11.15"]
[Round "2.116"]
[White "Latham, David"]
[Black "Jennings, Roger"]
[Result "1-0"]
[WhiteElo "2094"]
[BlackElo "2088"]
[PlyCount "59"]
[EventDate "2015.11.14"]
[EventType "team-swiss"]
[EventRounds "7"]
[EventCountry "ENG"]
[SourceTitle "CBM 169 Extra"]
[Source "ChessBase"]
[SourceDate "2015.12.18"]
[SourceVersion "1"]
[SourceVersionDate "2015.12.18"]
[SourceQuality "1"]
[WhiteTeam "Spirit of Atticus II"]
[BlackTeam "Bradford DCA Knights II"]
[WhiteTeamCountry "ENG"]
[BlackTeamCountry "ENG"]

1. d4 g6 2. e4 Bg7 3. c3 d6 4. Bd3 Nf6 5. Nf3 0-0 6. 0-0 Bg4 7. Nbd2 Nh5 8. h3 Nf4 9. Nc4 Bxf3 10. Qxf3 Nxd3 11. Qxd3 d5 12. exd5 Qxd5 13. Re1 Re8 14. Qe2 Nd7 15. Bf4 b5 16. Ne3 Qb7 17. a4 bxa4 18. Rxa4 Nb6 19. Ra6 e5 20. Bxe5 Bxe5 21. dxe5 Rxe5 22. Rea1 Nd5 23. Qf3 c6 24. R6a5 Qe7 25. Nxd5 cxd5 26. Rxd5 Re1+ 27. Rxe1 Qxe1+ 28. Kh2 Qe7 29. Rb5 a6 30. Qxa8+ 1-0

[Event "BCF-chT3 1415 (4NCL)"]
[Site "England"]
[Date "2015.05.02"]
[Round "9.186"]
[White "Jennings, Roger"]
[Black "LeMoir, David A"]
[Result "0-1"]
[WhiteElo "2094"]
[BlackElo "2113"]
[PlyCount "66"]
[EventDate "2015.03.21"]
[EventType "team-swiss"]
[EventRounds "11"]
[EventCountry "ENG"]
[SourceTitle "EXT 2016"]
[Source "ChessBase"]
[SourceDate "2015.10.08"]
[SourceVersion "1"]
[SourceVersionDate "2015.10.08"]
[SourceQuality "1"]
[WhiteTeam "Bradford DCA Knights"]
[BlackTeam "Anglian Avengers II"]
[WhiteTeamCountry "ENG"]
[BlackTeamCountry "ENG"]

1. g3 e5 2. Bg2 Nc6 3. d3 f5 4. Nf3 Nf6 5. 0-0 Be7 6. Nc3 0-0 7. Bg5 d6 8. Nh4 f4 9. e3 Bg4 10. Qd2 Nh5 11. Bxe7 Nxe7 12. exf4 exf4 13. h3 Bd7 14. g4 f3 15. Bxf3 Nf4 16. Bg2 Nc6 17. Nf3 Nxh3+ 18. Bxh3 Rxf3 19. Bg2 Nd4 20. Ne2 Nxe2+ 21. Qxe2 Rf4 22. Bd5+ Kh8 23. f3 Qg5 24. Bxb7 Rb8 25. Rae1 h5 26. Ba6 Bxg4 27. Qg2 Qh4 28. Bc4 Bxf3 29. Rxf3 Qxe1+ 30. Kh2 Rh4+ 31. Rh3 Qe5+ 32. Kg1 Rf8 33. Rf3 Qe1+ 0-1

[Event "BCF-chT3N 1415 (4NCL)"]
[Site "England"]
[Date "2015.02.14"]
[Round "5.190"]
[White "Antal, Laszlo"]
[Black "Jennings, Roger"]
[Result "1/2-1/2"]
[WhiteElo "2163"]
[BlackElo "2094"]
[PlyCount "35"]
[EventDate "2014.11.15"]
[EventType "team-swiss"]
[EventRounds "6"]
[EventCountry "ENG"]
[SourceTitle "EXT 2016"]
[Source "ChessBase"]
[SourceDate "2015.10.08"]
[SourceVersion "1"]
[SourceVersionDate "2015.10.08"]
[SourceQuality "1"]
[WhiteTeam "Manchester Manticores II"]
[BlackTeam "Bradford DCA Knights"]
[WhiteTeamCountry "ENG"]
[BlackTeamCountry "ENG"]

1. e4 g6 2. d4 Bg7 3. Nc3 d6 4. Be3 Nf6 5. f3 c6 6. Qd2 Qa5 7. Nge2 Nbd7 8. Bh6 Bxh6 9. Qxh6 b5 10. Nc1 Qb6 11. Qd2 0-0 12. a4 b4 13. N3a2 a5 14. Be2 c5 15. d5 Ne5 16. Nd3 Nc4 17. Qg5 Ba6 18. Nac1 1/2-1/2

[Event "BCF-chT3N 1314 (4NCL)"]
[Site "England"]
[Date "2014.02.09"]
[Round "6.67"]
[White "Jennings, Roger"]
[Black "Waters, Clive L"]
[Result "1-0"]
[WhiteElo "2128"]
[BlackElo "2115"]
[PlyCount "109"]
[EventDate "2013.11.16"]
[EventType "team-swiss"]
[EventRounds "6"]
[EventCountry "ENG"]
[SourceTitle "EXT 2015"]
[Source "ChessBase"]
[SourceDate "2014.11.20"]
[SourceVersion "1"]
[SourceVersionDate "2014.11.20"]
[SourceQuality "1"]
[WhiteTeam "Bradford DCA Knights II"]
[BlackTeam "North East England"]
[WhiteTeamCountry "ENG"]
[BlackTeamCountry "ENG"]

1. g3 d5 2. Bg2 Nf6 3. Nf3 g6 4. b3 Bg7 5. Bb2 0-0 6. 0-0 c5 7. d3 Nc6 8. Ne5 Qc7 9. Nxc6 Qxc6 10. c4 Qd7 11. cxd5 Nxd5 12. Bxg7 Kxg7 13. Qc2 Qd6 14. Nd2 b6 15. Qb2+ Kg8 16. d4 Bb7 17. Ne4 Qe6 18. dxc5 Nf4 19. gxf4 Bxe4 20. Qe5 Bxg2 21. Qxe6 fxe6 22. Kxg2 bxc5 23. Rac1 Rxf4 24. Rxc5 a5 25. Rfc1 Raf8 26. f3 R8f5 27. e4 Rf8 28. R1c3 Ra8 29. Rc8+ Rf8 30. Rxa8 Rxa8 31. Rc4 Rb8 32. Kf2 Rb5 33. Ke3 Rh5 34. Rc2 Kf7 35. Kd4 Rh3 36. Rf2 g5 37. Kc4 Kf6 38. Kb5 Ke5 39. Kxa5 Kf4 40. b4 g4 41. fxg4+ Kxe4 42. a4 e5 43. b5 Rb3 44. Rf7 e6 45. Rxh7 Kd5 46. Rd7+ Kc5 47. Rc7+ Kd6 48. Rc2 e4 49. g5 Ke5 50. g6 Kf6 51. Rg2 Kg7 52. b6 e3 53. Ka6 Rb4 54. a5 Rd4 55. Re2 1-0

[Event "BCF-chT3N 1314 (4NCL)"]
[Site "England"]
[Date "2014.01.12"]
[Round "4.96"]
[White "Jennings, Roger"]
[Black "Mounce, Richard B"]
[Result "1/2-1/2"]
[WhiteElo "2132"]
[BlackElo "2048"]
[PlyCount "55"]
[EventDate "2013.11.16"]
[EventType "team-swiss"]
[EventRounds "6"]
[EventCountry "ENG"]
[SourceTitle "EXT 2015"]
[Source "ChessBase"]
[SourceDate "2014.11.20"]
[SourceVersion "1"]
[SourceVersionDate "2014.11.20"]
[SourceQuality "1"]
[WhiteTeam "Bradford DCA Knights II"]
[BlackTeam "Jorvik"]
[WhiteTeamCountry "ENG"]
[BlackTeamCountry "ENG"]

1. g3 e5 2. Bg2 d5 3. d3 Nf6 4. Nf3 Nc6 5. 0-0 Bc5 6. Nxe5 Nxe5 7. d4 Bd6 8. dxe5 Bxe5 9. Nd2 0-0 10. c4 Be6 11. Nf3 Bd6 12. Nd4 c6 13. Bg5 h6 14. Bxf6 Qxf6 15. cxd5 Bxd5 16. Bxd5 cxd5 17. e3 Be5 18. Qb3 Bxd4 19. exd4 Qxd4 20. Rad1 Qc4 21. Qxb7 d4 22. b3 Qc3 23. Qe4 Rad8 24. Qd3 Rfe8 25. Qxc3 dxc3 26. Rxd8 Rxd8 27. Rc1 Rd2 28. Rxc3 1/2-1/2

[Event "BCF-chT2 1011 (4NCL)"]
[Site "England"]
[Date "2011.03.26"]
[Round "7.35"]
[White "Jennings, Roger"]
[Black "Stewart, Ashley"]
[Result "0-1"]
[WhiteElo "2074"]
[BlackElo "1980"]
[PlyCount "76"]
[EventDate "2010.11.06"]
[EventType "team-swiss"]
[EventRounds "11"]
[EventCountry "ENG"]
[SourceTitle "EXT 2012"]
[Source "ChessBase"]
[SourceDate "2011.11.24"]
[SourceVersion "1"]
[SourceVersionDate "2011.11.24"]
[SourceQuality "1"]
[WhiteTeam "White Rose II"]
[BlackTeam "Barbican Youth"]
[WhiteTeamCountry "ENG"]
[BlackTeamCountry "ENG"]

1. g3 g6 2. Bg2 Nf6 3. b3 Bg7 4. Bb2 d5 5. Nf3 0-0 6. 0-0 c5 7. d3 Nc6 8. Ne5 Qc7 9. Nxc6 bxc6 10. Nc3 Nd7 11. Na4 Bxb2 12. Nxb2 Nb6 13. c4 d4 14. a3 a5 15. Qd2 Qd6 16. e3 e5 17. exd4 exd4 18. Rfe1 Be6 19. Re2 Ra7 20. Rae1 a4 21. b4 cxb4 22. axb4 c5 23. Re5 Nd7 24. bxc5 Qxe5 25. Rxe5 Nxe5 26. Qc2 a3 27. Na4 Bd7 28. c6 Nxc6 29. Qb3 Rfa8 30. Bd5 Rxa4 31. c5 a2 32. Bxf7+ Kg7 33. Qd5 a1Q+ 34. Kg2 Rf8 35. Be6 Bxe6 36. Qxe6 Qa2 37. Qxc6 Qxf2+ 38. Kh3 Qf5+ 0-1

[Event "Cleveland op"]
[Site "Cleveland"]
[Date "2003.01.25"]
[Round "3"]
[White "Jennings, Roger"]
[Black "McKerracher, Douglas"]
[Result "1-0"]
[WhiteElo "1824"]
[BlackElo "1816"]
[PlyCount "91"]
[EventDate "2003.01.24"]
[EventType "swiss"]
[EventRounds "5"]
[EventCountry "ENG"]
[SourceTitle "CBM 092 Extra"]
[Source "ChessBase"]
[SourceDate "2003.03.07"]
[SourceVersion "1"]
[SourceVersionDate "2003.03.07"]
[SourceQuality "1"]

1. Nf3 f5 2. g3 Nf6 3. Bg2 e6 4. 0-0 d5 5. b3 Bd6 6. Bb2 0-0 7. d3 b6 8. c4 Bb7 9. Nd4 Qd7 10. Nc3 c5 11. Ndb5 Be7 12. e3 a6 13. Na3 Qc7 14. Ne2 Qd7 15. Nf4 g5 16. Nh5 Qe8 17. Nxf6+ Bxf6 18. Bxf6 Rxf6 19. e4 d4 20. Re1 Qc6 21. Qe2 f4 22. Qg4 Rg6 23. gxf4 gxf4 24. Qxf4 Nd7 25. Qd2 e5 26. Kh1 Kh8 27. Rg1 Qe6 28. Bf3 Rag8 29. Bh5 R6g7 30. Rxg7 Rxg7 31. Rg1 Rg8 32. Rxg8+ Qxg8 33. Qh6 Bc8 34. Nc2 Nf8 35. Ne1 Ng6 36. Bxg6 Qxg6 37. Qxg6 hxg6 38. Nf3 Kg7 39. Nxe5 Kf6 40. Nf3 Bh3 41. Kg1 b5 42. cxb5 axb5 43. a4 bxa4 44. bxa4 Bg4 45. Kg2 Ke7 46. Ne5 1-0

[Event "Cleveland op"]
[Site "Cleveland"]
[Date "2003.01.25"]
[Round "2"]
[White "Simpson, James"]
[Black "Jennings, Roger"]
[Result "1-0"]
[WhiteElo "2160"]
[BlackElo "1824"]
[PlyCount "63"]
[EventDate "2003.01.24"]
[EventType "swiss"]
[EventRounds "5"]
[EventCountry "ENG"]
[SourceTitle "CBM 092 Extra"]
[Source "ChessBase"]
[SourceDate "2003.03.07"]
[SourceVersion "1"]
[SourceVersionDate "2003.03.07"]
[SourceQuality "1"]

1. d4 g6 2. c4 Bg7 3. Nc3 Nf6 4. e4 d6 5. Nf3 0-0 6. Be2 Nbd7 7. 0-0 e5 8. d5 Nc5 9. Qc2 Nh5 10. b4 Na6 11. a3 Nf4 12. Be3 f5 13. Ne1 Nxe2+ 14. Qxe2 f4 15. Bd2 g5 16. f3 h5 17. Nd3 g4 18. c5 gxf3 19. gxf3 Bh3 20. Rfc1 Kh8 21. Kh1 Rg8 22. Rg1 Qe7 23. Nf2 Bd7 24. c6 Bc8 25. Rg6 Bf8 26. Rxg8+ Kxg8 27. Rg1+ Kh7 28. cxb7 Bxb7 29. Nh3 Bh6 30. Qg2 Qf6 31. Be1 Bc8 32. Qg8# 1-0